000 00405cam a2200145ua 4500
041 _aeng
_h
082 _a823.308
_bPOT/SU
100 _aPotter, Stephen .
245 _aSupermanship or how to continue to stay top without actually falling apart /
_cstephen potter.
_hTextual Documents
260 _a :
_bPenguin Books ,
_c1958.
300 _a112 ; .
504 _a
942 _cBK
999 _c4381
_d4381